| 000 | 00510nam a2200169 i 4500 | ||
|---|---|---|---|
| 001 | 89517 | ||
| 003 | ES-MaACL | ||
| 005 | 20230906180214.0 | ||
| 007 | t| | ||
| 008 | 050111s1951 sp ||||1| spa d | ||
| 100 | 1 |
_aLasheras Esteban, José María. _970438 |
|
| 245 | 1 | 0 |
_aManual de Avicultura / _cpor José María Lasheras Esteban. |
| 250 | _a2ª ed. | ||
| 260 |
_aZaragoza : _b[s.n., _c1951] ( _fImp. Octavio y Félez) |
||
| 300 |
_a327 p., 8 lám. : _bil. ; _c22 cm. |
||
| 852 |
_aES-MaACL _jD-8230 _bR.33027 |
||
| 999 |
_c89517 _d89517 |
||